00748nam a2200133Ia 4500008004100000040001300041082001900054245040700073260004700480300002000527990003700547991001100584999001900595191130s2006##################000#0#eng## aACLcACL a348.7323 UNI.5 aTitle 5, United States code, government organization and employees 554-900 title 5 USCScUnited States.; United States. Congress. House. Committee on Post Office and Civil Service.; United States. Congress. House. Committee on Government Reform and Oversight.; United States. Congress. House. Committee on Government Reform.; United States. Congress. House. Committee on Oversight and Government Reform aNew Yorkb[publisher not identified]c2006 axxix,813p; 24cm ae9a195fdac10000c5172abfd686090d6 a376447 c293621d293621